| 000 | 01479nam a2200301 a 4500 | ||
|---|---|---|---|
| 001 | BRCA_5114 | ||
| 005 | 20190320204939.0 | ||
| 008 | 191110s1867----mx-######v---#000-0#spa-# | ||
| 041 | _aspa | ||
| 044 | _amx | ||
| 084 |
_aDOC113 _b.L47 _c1867 |
||
| 100 | 1 |
_aLerdo de Tejada, Sebástian _d1823-1889 _91020 |
|
| 245 | 1 | 0 |
_aDocumento firmado por Don [Sebastián] Lerdo de Tejada dirigido a Don Eduardo de Goroztiza _cSebástian Lerdo de Tejada ; Eduardo de Goroztiza. |
| 260 |
_aMéxico _c1867 |
||
| 300 |
_a[1] foja _c33 x 22 cm. |
||
| 500 | _aDocumento firmado el 30 de septiembre de 1867. | ||
| 500 | _aDocumento en el cual Lerdo de Tejada escribe a Goroztiza comunicándole su nombramiento de Jefe de la Sección de América y pidiéndole presente sus documentos. | ||
| 500 | _aContiene sello con escudo nacional mexicano y lema: ´SELLO DEL MINISTERIO DE RELACIONES EXTERIORES Y GOBERNACIÓN´ e inscripción: ´Depto. de Gobernación. Sección 1a´. | ||
| 500 | _aEl documento contiene la leyenda DOC. #277. | ||
| 506 | 0 | _aFondo Reservado. Para su consulta es necesario credencial de usuario y carta de motivos. | |
| 546 | _aTexto en: español de mediados del siglo XIX. | ||
| 600 | 1 | 4 |
_aLerdo de Tejada, Sebástian _d1823-1889 _xHistoria _913049 |
| 650 | 1 | 4 |
_aDocumentos legales _vManuscritos _xHistoria _912814 |
| 651 | 4 |
_aMéxico _xHistoria _yRepública liberal, 1867-1877 _911351 |
|
| 700 | 1 |
_aGoroztiza, Eduardo _d1815-? _913050 |
|
| 902 | _aFDH | ||
| 942 |
_2lcc _cD |
||
| 999 |
_c4808 _d4808 |
||